PMP exam prep : accelerated learning to pass the project management professional (Record no. 297370)

MARC details
000 -LEADER
fixed length control field 00475 a2200169 4500
005 - DATE AND TIME OF LATEST TRANSACTION
control field 20240801142427.0
008 - FIXED-LENGTH DATA ELEMENTS--GENERAL INFORMATION
fixed length control field 240801b |||||||| |||| 00| 0 eng d
020 ## - INTERNATIONAL STANDARD BOOK NUMBER
International Standard Book Number 9781943704347
082 ## - DEWEY DECIMAL CLASSIFICATION NUMBER
Classification number 658.404 MUL;1 R
100 ## - MAIN ENTRY--PERSONAL NAME
Personal name Mulcahy, Rita.
245 ## - TITLE STATEMENT
Title PMP exam prep : accelerated learning to pass the project management professional
250 ## - EDITION STATEMENT
Edition statement 11th ed.
260 ## - PUBLICATION, DISTRIBUTION, ETC. (IMPRINT)
Name of publisher, distributor, etc. RMCPublications
Place of publication, distribution, etc. Minnetonka
Date of publication, distribution, etc. 2023
300 ## - PHYSICAL DESCRIPTION
Extent xvi, 447
942 ## - ADDED ENTRY ELEMENTS (KOHA)
Koha item type PESU Books
264 ## - PRODUCTION, PUBLICATION, DISTRIBUTION, MANUFACTURE, AND COPYRIGHT NOTICE
Name of producer, publisher, distributor, manufacturer Shroff Pub
Holdings
Date last seen Total Checkouts Full call number Accession number Checked out Date checked out Copy number Cost, replacement price Price effective from Category Lost status Source of classification or shelving scheme Damaged status Department Withdrawn status bill no. bill date Permanent Location Current Location Shelving location Entry date Vendor Cost, normal purchase price Grants Currency symbol Conversion rate Discount
01/08/2024 1 658.404 MUL;1 R PU14276 15/08/2024 01/08/2024 1 1750.00 01/08/2024 PESU Books   Dewey Decimal Classification   Central Library   BPB/IN162/24-25 22/07/2024 Central Library RFID Kiosk Central Library 01/08/2024 Bharathi Publications 2500.00 MBA Rupees 1 30

© For any Suggestions or Query, please contact the library staff @ librarian@pes.edu or Phone: +9180 2672 1983/ 2108.